000 00530nam a2200181Ia 4500
008 210719s2014 xx 000 0 und d
020 _a978-81-928647-1-6
041 _akok
082 _a891.468 NAJG
100 _aNAJRET (Paskal Alen)
245 _aGandhichem parjalik fudarpan Tr by Je Vi Karlo
260 _aBengaluru
_c2014
300 _axii,228
_bPB
365 _b150
_cRs
650 _aKonkani Miscellaneous
650 _aKonkani Miscellaneous
906 _aby ; fudarpan ; Gandhichem ; Je ; Karlo ; parjalik ; Tr ; Vi
999 _c215769
_d215769